Science Quiz

Random Science or Astronomy Quiz

Dwarf Planets Quiz Stats

 Plays Quiz Updated Mar 29, 2019

Score 0/5 Timer 01:00
0 Plays Today
Dwarf Planet % Correct
Pluto
99%
Ceres
41.2%
Eris
33.4%
Makemake
27.4%
Haumea
21.7%

You're not logged in!

Compare scores with friends on all Sporcle quizzes.
OR
Log In

You Might Also Like...

Show Comments

Extras

Top Quizzes Today


Score Distribution

Your Account Isn't Verified!

In order to create a playlist on Sporcle, you need to verify the email address you used during registration. Go to your Sporcle Settings to finish the process.

Report this User

Report this user for behavior that violates our Community Guidelines.

Details: